<?xml version="1.0" encoding="UTF-8"?><?xml-stylesheet type="text/xsl" href="static/style.xsl"?><OAI-PMH xmlns="http://www.openarchives.org/OAI/2.0/" xmlns:xsi="http://www.w3.org/2001/XMLSchema-instance" xsi:schemaLocation="http://www.openarchives.org/OAI/2.0/ http://www.openarchives.org/OAI/2.0/OAI-PMH.xsd"><responseDate>2026-04-13T09:52:42Z</responseDate><request verb="GetRecord" identifier="oai:www.recercat.cat:10256/24635" metadataPrefix="marc">https://recercat.cat/oai/request</request><GetRecord><record><header><identifier>oai:recercat.cat:10256/24635</identifier><datestamp>2024-10-29T23:15:09Z</datestamp><setSpec>com_2072_452955</setSpec><setSpec>com_2072_2054</setSpec><setSpec>col_2072_453073</setSpec></header><metadata><record xmlns="http://www.loc.gov/MARC21/slim" xmlns:dcterms="http://purl.org/dc/terms/" xmlns:xsi="http://www.w3.org/2001/XMLSchema-instance" xmlns:doc="http://www.lyncode.com/xoai" xsi:schemaLocation="http://www.loc.gov/MARC21/slim http://www.loc.gov/standards/marcxml/schema/MARC21slim.xsd">
   <leader>00925njm 22002777a 4500</leader>
   <datafield ind2=" " ind1=" " tag="042">
      <subfield code="a">dc</subfield>
   </datafield>
   <datafield ind2=" " ind1=" " tag="720">
      <subfield code="a">Vyboishchikov, Sergei F.</subfield>
      <subfield code="e">author</subfield>
   </datafield>
   <datafield ind2=" " ind1=" " tag="260">
      <subfield code="c">2023-11-14</subfield>
   </datafield>
   <datafield ind2=" " ind1=" " tag="520">
      <subfield code="a">I propose a dense Neural Network, ESE-GB-DNN, for evaluation of solvation free energies ΔG°solv for molecules and ions in water and nonaqueous solvents. As input features, it employs generalized-Born monatomic and diatomic terms, as well as atomic surface areas and the molecular volume. The electrostatics calculation is based on a specially modified version of electronegativity-equalization atomic charges. ESE-GB-DNN evaluates ΔG°solv in a simple and highly efficient way, yet it offers a high accuracy, often challenging that of standard DFT-based methods. For neutral solutes, ESE-GB-DNN yields an RMSE between 0.7 and 1.3 kcal/mol, depending on the solvent class. ESE-GB-DNN performs particularly well for nonaqueous solutions of ions, with an RMSE of about 0.7 kcal/mol. For ions in water, the RMSE is larger (2.9 kcal/mol)</subfield>
   </datafield>
   <datafield ind2=" " ind1=" " tag="520">
      <subfield code="a">Financial support from the Spanish Ministerio de Ciencia, Innovación y Universidades (grant PID2020-113711GB-I00) is gratefully appreciated</subfield>
   </datafield>
   <datafield ind2=" " ind1=" " tag="520">
      <subfield code="a">Open Access funding provided thanks to the CRUE-CSIC agreement with American Chemical Society (ACS)</subfield>
   </datafield>
   <datafield tag="653" ind2=" " ind1=" ">
      <subfield code="a">Solvatació</subfield>
   </datafield>
   <datafield tag="653" ind2=" " ind1=" ">
      <subfield code="a">Solvation</subfield>
   </datafield>
   <datafield tag="653" ind2=" " ind1=" ">
      <subfield code="a">Solució (Química)</subfield>
   </datafield>
   <datafield tag="653" ind2=" " ind1=" ">
      <subfield code="a">Solution (Chemistry)</subfield>
   </datafield>
   <datafield tag="653" ind2=" " ind1=" ">
      <subfield code="a">Química -- Informàtica</subfield>
   </datafield>
   <datafield tag="653" ind2=" " ind1=" ">
      <subfield code="a">Chemistry -- Data processing</subfield>
   </datafield>
   <datafield ind2="0" ind1="0" tag="245">
      <subfield code="a">Predicting Solvation Free Energies Using Electronegativity-Equalization Atomic Charges and a Dense Neural Network: A Generalized-Born Approach</subfield>
   </datafield>
</record></metadata></record></GetRecord></OAI-PMH>